| 000 | 00542nam a2200205Ia 4500 | ||
|---|---|---|---|
| 005 | 20251118133059.0 | ||
| 008 | 230125s9999 xx 000 0 und d | ||
| 020 | _a1-84112-209-2 | ||
| 041 | _aeng | ||
| 082 |
_a158.1 _bWHI |
||
| 100 |
_aWhiteley P _9215017 |
||
| 245 | _aMotivation | ||
| 260 |
_c2002 _bCapstone publication _aLondon |
||
| 300 | _a116p | ||
| 440 |
_aEssential Management Thinking At Your Fingertips Series _9215018 |
||
| 500 | _aPersonality Development, | ||
| 700 |
_aWhiteley P _9215017 |
||
| 906 | _b24 | ||
| 942 | _cBK | ||
| 999 |
_c88583 _d88583 |
||